Normal view
MARC view
Entry Topical Term
001 - CONTROL NUMBER
- control field: 24345
003 - CONTROL NUMBER IDENTIFIER
- control field: OSt
005 - DATE AND TIME OF LATEST TRANSACTION
- control field: 20210629125359.0
008 - FIXED-LENGTH DATA ELEMENTS
- fixed length control field: 210629|| aca||aabn | a|a d
040 ## - CATALOGING SOURCE
- Original cataloging agency: OSt
- Transcribing agency: OSt
150 ## - HEADING--TOPICAL TERM
- Topical term or geographic name entry element: Ma Anandmayee Kanyapeeth
670 ## - SOURCE DATA FOUND
- Source citation: Work cat.: (OSt)515291: Kanyapeeth, Ma Anandmayee 20650, Annual report 2003 - 2005
